Luật Viên chức Có hiệu lực thi hành từ ngày 01 tháng 01 năm 2012

Spremljeno u:
Bibliografski detalji
Glavni autor: Quốc hội Nước Cộng hòa xã hội chủ nghĩa Việt Nam
Format: Knjiga
Jezik:Undetermined
Izdano: Tp.HCM Phương đông 2011
Teme:
Online pristup:http://lrc.tdmu.edu.vn/opac/search/detail.asp?aID=2&ID=14399
Oznake: Dodaj oznaku
Bez oznaka, Budi prvi tko označuje ovaj zapis!
Thư viện lưu trữ: Trung tâm Học liệu Trường Đại học Thủ Dầu Một
LEADER 00814nam a2200205Ia 4500
001 TDMU_14399
008 210410s9999 xx 000 0 und d
082 |a 342.597068 
090 |b QU451 
100 |a Quốc hội Nước Cộng hòa xã hội chủ nghĩa Việt Nam 
245 0 |a Luật Viên chức 
245 0 |b Có hiệu lực thi hành từ ngày 01 tháng 01 năm 2012 
245 0 |c Quốc hội Nước Cộng hòa xã hội chủ nghĩa Việt Nam 
260 |a Tp.HCM 
260 |b Phương đông 
260 |c 2011 
300 |a 54tr. 
650 |a Luật Viên chức  |d 01.01.2012  |z Việt Nam 
856 |u http://lrc.tdmu.edu.vn/opac/search/detail.asp?aID=2&ID=14399 
980 |a Trung tâm Học liệu Trường Đại học Thủ Dầu Một